| 000 | 004340000a22001690004500 | ||
|---|---|---|---|
| 003 | MACL | ||
| 005 | 20151230162338.0 | ||
| 008 | 151230b xxu||||| |||| 00| 0 eng d | ||
| 040 |
_aMACL _cMACL |
||
| 041 | _aEnglish | ||
| 082 | _a320.545/SIN | ||
| 100 |
_aSingh, Patwant _915223 |
||
| 245 | _aPunjab The Fatal Miscalculation | ||
| 260 |
_bMalik & Co. _aNew Delhi |
||
| 650 |
_aPolitics Scince _925062 |
||
| 942 |
_cBK _k320.545/Sin _2ddc |
||
| 999 |
_c36642 _d36642 |
||